00837nam 22002173 4500001000700000010002200007021001700029090001100046100004100057200016700098210005300265215003500318225006000353606003300413675002000446700003800466801001800504830001000522990001100532995007600543202818 a978-972-31-1397-6 aPTb31835/12 a202818 a20260701d u||y0pory50 ba aTerras de Sofala : persistências e mudança : contribuições para a história da Costa Sul-Oriental de África nos séculos XVI-XVIIIfAna Cristina Roque a[Lisboa]cFundação Calouste Gulbenkiand2012 a948 p.cil. ; brochadod23 cm  aTextos universitários de ciências sociais e humanas 92619aHistória de África a94 (6)vPTzpor 917673aRoquebAna Cristinaf1956- aPTbBMMNgRPC cVanda cLIVROS 002052026-07-01932627bBMMNf32338k94 (6) ROQ|DEPo0rLIVROSsOferta